| 000 | 00465nam a2200193Ia 4500 | ||
|---|---|---|---|
| 005 | 20250423095649.0 | ||
| 008 | 250422s9999 xx 000 0 und d | ||
| 020 | _a0324323328 | ||
| 050 | _aHF 5549 .S3/ | ||
| 100 | _aSchuler, R.S. | ||
| 245 | 0 | _aHuman Resource Management: international perspective | |
| 250 | _a10th ed. | ||
| 260 | _aUS | ||
| 260 | _bThomson | ||
| 260 | _c2005 | ||
| 300 | _a603 p | ||
| 650 | _aHuman resource management | ||
| 942 | _cBK | ||
| 999 |
_c30960 _d30960 |
||